Ước lượng hàm lượng Cac bon tích luỹ của sinh khối rừng tràm trên nền đất than bùn tại vườn quốc gia U Minh Thượng : Luận văn tốt nghiệp cao học. Ngành Quản lý Tài nguyên và Môi trường

Đánh giá sự đa dạng loài của sinh khối rừng tràm trên nền đất than bùn theo hai độ tuổi tại Vườn Quốc gia U Minh Thượng.

Guardat en:
Dades bibliogràfiques
Autor principal: Quách, Trường Xuân
Format: Llibre
Idioma:Undetermined
Publicat: Cần Thơ Trường Đại học Cần Thơ 2013
Matèries:
Etiquetes: Afegir etiqueta
Sense etiquetes, Sigues el primer a etiquetar aquest registre!
Thư viện lưu trữ: Trung tâm Học liệu Trường Đại học Cần Thơ
LEADER 01180nam a2200217Ia 4500
001 CTU_185409
008 210402s9999 xx 000 0 und d
082 |a 631.4 
082 |b X502 
088 |a 60850101 
100 |a Quách, Trường Xuân 
245 0 |a Ước lượng hàm lượng Cac bon tích luỹ của sinh khối rừng tràm trên nền đất than bùn tại vườn quốc gia U Minh Thượng : 
245 0 |b Luận văn tốt nghiệp cao học. Ngành Quản lý Tài nguyên và Môi trường 
245 0 |c Quách Trường Xuân ; Trương Hoàng Đan (Cán bộ hướng dẫn) 
260 |a Cần Thơ 
260 |b Trường Đại học Cần Thơ 
260 |c 2013 
520 |a Đánh giá sự đa dạng loài của sinh khối rừng tràm trên nền đất than bùn theo hai độ tuổi tại Vườn Quốc gia U Minh Thượng. 
650 |a Rừng tràm,Đất than bùn,Sinh khối,Melaleuca forests,Peat soils,Biomass 
904 |i Bích Phượng, Trúc 
980 |a Trung tâm Học liệu Trường Đại học Cần Thơ